Clubs de Ligue 1 par Affluence Moyenne à Domicile Saison 2024-2025 - Statistiques

Statistiques générales
  • Ce quiz a été pris 58 fois
  • Le résultat moyen est 16 sur 18
Statistiques - réponses
Affluence Club % Correct
63 553 Olympique de Marseille
100%
50 993 Olympique Lyonnais
100%
47 674 Paris Saint-Germain FC
100%
37 936 RC Lens
100%
42 417 Lille OSC
98%
24 417 OGC Nice
94%
19 380 RC Strasbourg Alsace
93%
30 288 AS Saint-Étienne
91%
14 655 Stade Brestois 29
91%
27 375 Stade Rennais FC
91%
9 355 AS Monaco FC
89%
30 269 FC Nantes
89%
26 203 Toulouse FC
89%
13 491 Montpellier Hérault SC
87%
20 217 Le Havre AC
85%
13 132 Angers SCO
78%
15 659 Stade de Reims
76%
16 635 AJ Auxerre
69%
Aucun quiz correspondant
Distribution des résultats
% des personnes avec chaque résultat
Percentile par nombre de réponses
Votre historique - résultats
Vous n’avez pas pris ce quiz